000 00322nam a22001457a 4500
008 211020b ||||| |||| 00| 0 eng d
020 _ax000efz8dl
041 _aeng
080 _213th
_a612.39
082 _a612.39
100 _a10
101 _aNUT
245 _aUnderstanding Nutrition
_cWhitney,E
942 _2udc
_cBK
999 _c58296
_d58296